| 000 | 00606nam a2200217 u 4500 | ||
|---|---|---|---|
| 005 | 20240228064335.0 | ||
| 008 | 190226s2008 r 000 0 eng d | ||
| 020 | _a9788424190071 | ||
| 035 | _aUPN01000229280 | ||
| 049 | _aI | ||
| 050 | 4 |
_aSF309 _bH3.3 |
|
| 100 | 1 |
_aHarrison, Ingrid _939035 |
|
| 245 | 1 | 0 |
_aEscuela de equitación / _cIngrid Harrison ; tr. Azucena Viloria. |
| 260 |
_aLeón, Esp. : _bEverest, _c2008. |
||
| 300 |
_a23 p. : _bil. col. |
||
| 440 | 0 | _aClaro | |
| 650 | 4 |
_aEQUITACION _927526 |
|
| 650 | 4 |
_aLibros y lectura para niños _92290 |
|
| 905 | _aInfantil | ||
| 999 |
_c201375 _d201375 |
||